| Поле | Название | Значение |
| |
Тип записи |
a |
| |
Библиографический уровень |
m |
| 001 |
Контрольный номер |
07ab74252229431d92339d90a56f67c9 |
| 005 |
Дата корректировки |
20191010132925.2 |
| 010 |
Индекс ISBN |
__ |
| a |
ISBN |
978-5-16-009163-1 |
| 010 |
Индекс ISBN |
__ |
| a |
ISBN |
978-5-16-100210-0 |
| 101 |
Язык документа |
0_ |
| a |
Язык текста |
rus |
| 102 |
Страна публикации |
__ |
| a |
Страна публикации |
RU |
| 200 |
Заглавие и сведения об ответственности |
1_ |
| a |
Заглавие |
Экономика предприятия |
| e |
Сведения, относящиеся к заглавию |
учебник |
| f |
Первые сведения об ответственности |
В.К. Скляренко, В.М. Прудников |
| b |
Общее обозначение материала |
Текст |
| 205 |
Сведения об издании |
__ |
| a |
Основные сведения об издании |
2-е изд. |
| 210 |
Выходные данные |
1_ |
| a |
Место издания |
М. |
| c |
Издательство |
ИНФРА-М |
| d |
Дата издания |
2016 |
| 215 |
Физическое описание |
__ |
| a |
Объем |
346 с. |
| c |
Иллюстрации/тип воспроизводства |
ил. |
| 225 |
Серия |
2_ |
| a |
Серия |
Высшее образование - Бакалавриат |
| 610 |
Ключевые слова |
0_ |
| a |
Ключевые слова |
Предпринимательство |
| a |
Ключевые слова |
Рынок ценных бумаг |
| a |
Ключевые слова |
управление качеством продукции на предприятии |
| a |
Ключевые слова |
оплата труда на предприятии |
| a |
Ключевые слова |
управление финансами предприятия |
| 686 |
Индексы других классификаций |
__ |
| a |
Классификационный индекс |
65.29 |
| 700 |
Автор |
_1 |
| a |
Фамилия |
Скляренко |
| b |
Имя |
В.К. |
| g |
Полное личное имя |
Вячеслав Константинович |
| 701 |
Альтернативная интеллектуальная ответственность |
_1 |
| a |
Фамилия |
Прудников |
| b |
Имя |
В.М. |
| g |
Полное личное имя |
Владимир Михайлович |
| e |
Роль лиц |
Автор |
| 4 |
Код отношения |
070 |
| 801 |
Источник записи |
_0 |
| a |
Страна |
RU |
| b |
Организация |
РУК |
| g |
Правила каталогизации |
PSBO |
| c |
Дата составления |
20191010 |
| 801 |
Источник записи |
_1 |
| a |
Страна |
RU |
| b |
Организация |
РУК |
| g |
Правила каталогизации |
PSBO |
| c |
Дата составления |
20191010 |
| 852 |
Данные о местонахождении |
__ |
| i |
Авторский знак |
С 43 |
| j |
Шифр хранения |
ББК 65.29 |
| 901 |
Тип документа |
__ |
| t |
Тип документа |
m |
| 937 |
Технологическая информация |
__ |
| a |
Создатель записи (имя) |
Зоткина |
| 938 |
Служебная информация |
__ |
| a |
Название организации |
Владимирский филиал |
| 952 |
Тип литературы |
__ |
| b |
Гриф литературы для ВШ |
гриф УМО |
| c |
Вид литературы |
учебник |